| 000 | 00452nam a2200181Ia 4500 | ||
|---|---|---|---|
| 001 | 12208 | ||
| 005 | 20260306162924.0 | ||
| 008 | 260306t2019||||xx |||||||||||||| ||spa|| | ||
| 041 | _aESP | ||
| 082 |
_aHR 340 _bNº 83 2019 RA-DF |
||
| 100 |
_aPérez Martín, Antonio Javier _eAUT |
||
| 245 | 0 | _aRevista de derecho de familia | |
| 260 | _c2019 | ||
| 300 |
_a415 páginas : _c24 cm. |
||
| 650 | _aGEN | ||
| 654 | _aCDE | ||
| 942 |
_cREV _dJUS _fJUS _2ddc _n |
||
| 999 |
_c12208 _d12208 |
||